| 000 | 00415cam a22001217a 4500 | ||
|---|---|---|---|
| 008 | 180718b1965 xxu||||| |||| 00| 0 eng d | ||
| 082 | _aT23x54 G346 | ||
| 100 | _aGhosh, A. | ||
| 245 |
_aEfficiency in location and interregional flows: the Indian cement industry during the five year plans 1950-1959 _cby A. Ghosh |
||
| 260 |
_aAmsterdam _bNorth-Holland _c1965 |
||
| 300 | _a103p. | ||
| 650 | _aCement industries --India | ||
| 999 |
_c366247 _d366247 |
||